| 000 | 02013nam a22002657a 4500 | ||
|---|---|---|---|
| 999 |
_c352 _d352 |
||
| 001 | UTEA | ||
| 005 | 20231201202833.0 | ||
| 006 | g||||gr||||||01 nz | ||
| 007 | ta | ||
| 008 | 160927b pe||||| |||| 00| 0 spa d | ||
| 040 | _aUTEA | ||
| 041 | _aEs | ||
| 044 | _aPE | ||
| 082 |
_a657.03 _bA57 |
||
| 100 |
_aAndrade Espinoza, Simón _cDocente _eAutor |
||
| 245 |
_aDiccionario de Contabilidad _cSimón Andrade Espinoza _h[Impreso] |
||
| 250 | _a3a edición | ||
| 260 |
_aLima - Perú _bAndrade _c2010 |
||
| 300 |
_a638 páginas. _c14.9 x 21 cm. |
||
| 505 | _aTérminos de contabilidad con la letra A. -- Términos de contabilidad con la letra B. -- Términos de contabilidad con la letra C. -- Términos de contabilidad con la letra D. -- Términos de contabilidad con la letra E. -- Términos de contabilidad con la letra F. -- Términos de contabilidad con la letra G. -- Términos de contabilidad con la letra H. -- Términos de contabilidad con la letra I. -- Términos de contabilidad con la letra J. -- Términos de contabilidad con la letra K. -- Términos de contabilidad con la letra L. -- Términos de contabilidad con la letra M. -- Términos de contabilidad con la letra N. -- Términos de contabilidad con la letra O. -- Términos de contabilidad con la letra P. -- Términos de contabilidad con la letra Q. -- Términos de contabilidad con la letra R. -- Términos de contabilidad con la letra S. -- Términos de contabilidad con la letra T. -- Términos de contabilidad con la letra U. -- Términos de contabilidad con la letra V. -- Términos de contabilidad con la letra W. -- Términos de contabilidad con la letra X. -- Términos de contabilidad con la letra Y. -- Términos de contabilidad con la letra Z. | ||
| 520 | _aEste diccionario brinda todos los significados de las palabras contables. | ||
| 650 | 0 |
_aDICCIONARIO DE CONTABILIDAD _91988 |
|
| 653 |
_aCONTABILIDAD _aCIENCIAS CONTABLES _aDICCIONARIO DE CONTABILIDAD |
||
| 942 |
_2ddc _cBK _zCirila Celinda Molina Chirinos _e2023-12-01 |
||